000 00645nam a2200181Ia 4500
008 100921s9999 xx 000 0 und d
082 _b4707
_a550 थ 72
100 _aपरांजपे ग.पा.
245 _aनिसर्ग संदेश.
260 _bजोशी ब्रदर्स,पुणे.
_c1972
300 _a56
_b---
365 _b2.5
520 _aविज्ञान-भौमिक शास्त्रे.
630 _aनिसर्ग संदेश.
650 _aविज्ञान-भौमिक शास्त्रे.
730 _aनिसर्ग संदेश.
942 _cBOOK
999 _c753820
_d753817